Vida íntima del Padre Pro / (Record no. 57700)

MARC details
000 -LEADER
campo de control de longitud fija 00768nam a2200217 i 4500
001 - NÚMERO DE CONTROL
campo de control 57700
003 - IDENTIFICADOR DE NÚMERO DE CONTROL
campo de control ES-MaACL
007 - CAMPO FIJO DE DESCRIPCIÓN FÍSICA--INFORMACIÓN GENERAL
campo de control de longitud fija t|
008 - DATOS DE LONGITUD FIJA--INFORMACIÓN GENERAL
campo de control de longitud fija 031017s1961 mx ||||1| spa d
100 1# - ENTRADA PRINCIPAL--NOMBRE DE PERSONA
Nombre de persona Dragon, Antoine.
9 (RLIN) 45572
245 10 - MENCIÓN DEL TÍTULO
Título Vida íntima del Padre Pro /
Mención de responsabilidad, etc. Antonio Dragon ; traducida del francés por Rafael Martínez del Campo ; prólogo de Luis María Martínez.
250 ## - MENCION DE EDICION
Mención de edición 3ª ed. corr.
260 ## - PUBLICACIÓN, DISTRIBUCIÓN, ETC.
Lugar de publicación, distribución, etc. México :
Nombre del editor, distribuidor, etc. Jus,
Fecha de publicación, distribución, etc. 1961.
300 ## - DESCRIPCIÓN FÍSICA
Extensión 307 p. :
Otras características físicas il. ;
Dimensiones 24 cm.
490 1# - MENCIÓN DE SERIE
Mención de serie Figuras y episodios de la historia de México
700 1# - ENTRADA AGREGADA--NOMBRE PERSONAL
Nombre de persona Martínez del Campo, Rafael.
9 (RLIN) 78042
700 1# - ENTRADA AGREGADA--NOMBRE PERSONAL
Nombre de persona Martínez, Luis.
9 (RLIN) 77782
830 0# - PUNTO DE ACCESO ADICIONAL DE SERIE-TÍTULO UNIFORME
Título uniforme Figuras y episodios de la historia de México
9 (RLIN) 181876
852 ## - LOCALIZACIÓN
Ubicación ES-MaACL
Número de control de estantería E-9437
Sublocalización o colección R.94184
Holdings
Estatus retirado Estado de pérdida Estado de daño No para préstamo Biblioteca de origen Biblioteca actual Ubicación en estantería Fecha de adquisición Fuente de adquisición Total de préstamos Signatura topográfica completa Código de barras Visto por última vez Precio de reemplazo Tipo de ítem Koha
        Biblioteca del Ateneo de Madrid Biblioteca del Ateneo de Madrid Depósito 2 17/01/2008     E-9437 1060568 23/02/2023 23/02/2023 Libro impreso